| 000 | 00716nam a22002057a 4500 | ||
|---|---|---|---|
| 005 | 20251108171855.0 | ||
| 008 | 250721s1991 xx 000 0 ara d | ||
| 082 | 1 | 4 | _a621.57/عام |
| 100 | 1 | _aالعامري، فاروق محمد | |
| 245 | 1 | 0 | _aالتبريد صيانة و إصلاح جميع الثلاجات الكهربائية : الثلاجة / |
| 246 | 1 | 1 | _aRefrigeration |
| 264 | 1 |
_aالقاهرة : _bالدار المصرية اللبنانية، _c1991. |
|
| 300 | _a356ص : مص | ||
| 490 | 0 | _aموسوعة العامري للإلكترونيات ؛ 18 | |
| 650 | 1 | 7 | _aالثلاجات |
| 650 | 1 | 7 | _aالتبريد |
| 650 | 1 | 7 | _aالآت التبريد |
| 942 |
_2ddc _cBK |
||
| 999 |
_c64863 _d64863 |
||